[Event "Ghent Eastman op 42nd"]
[Site "Ghent"]
[Date "2019.07.22"]
[Round "6"]
[White "Stuer, Marc"]
[Black "Middelhoven, Hein"]
[Result "1/2-1/2"]
[WhiteElo "2044"]
[BlackElo "2237"]
[PlyCount "41"]
[EventDate "2019.07.20"]
[EventType "swiss"]
[EventRounds "9"]
[EventCountry "BEL"]
[SourceTitle "CBM 191 Extra"]
[Source "ChessBase"]
[SourceDate "2019.09.30"]
[SourceVersion "1"]
[SourceVersionDate "2019.09.30"]
[SourceQuality "1"]

1. d4 e6 2. c4 Bb4+ 3. Bd2 a5 4. Nf3 Nf6 5. Nc3 0-0 6. g3 b6 7. Bg2 Bb7 8. 0-0 Ne4 9. Nxe4 Bxe4 10. Bf4 Be7 11. d5 d6 12. dxe6 fxe6 13. Bh3 e5 14. Be3 Nd7 15. Qd2 Bf5 16. Bxf5 Rxf5 17. Qd5+ Kh8 18. Nd2 Nf6 19. Qe6 Qd7 20. Qxd7 Nxd7 21. Ne4 1/2-1/2

[Event "Ghent Eastman op 41st"]
[Site "Ghent"]
[Date "2018.07.17"]
[Round "7"]
[White "Middelhoven, Hein"]
[Black "Verhelst, Joris"]
[Result "1-0"]
[WhiteElo "2212"]
[BlackElo "2098"]
[PlyCount "67"]
[EventDate "2018.07.14"]
[EventType "swiss"]
[EventRounds "9"]
[EventCountry "BEL"]
[SourceTitle "CBM 185 Extra"]
[Source "ChessBase"]
[SourceDate "2018.07.29"]
[SourceVersion "1"]
[SourceVersionDate "2018.07.29"]
[SourceQuality "1"]

1. e4 c5 2. Nf3 d6 3. d4 cxd4 4. Nxd4 a6 5. c4 Nc6 6. Qd2 Nf6 7. Nc3 e6 8. b3 Be7 9. Be2 0-0 10. 0-0 Qc7 11. Rd1 Rd8 12. Qe1 b6 13. Bf1 Bb7 14. Bb2 Rac8 15. Rac1 Ba8 16. Qe3 Qb7 17. Qf4 Bf8 18. Re1 Ne5 19. Nf3 h6 20. Nxe5 dxe5 21. Qxe5 Rd2 22. Re2 Rcd8 23. Qf4 e5 24. Rxd2 exf4 25. Rxd8 Nd7 26. Rd1 Nc5 27. Ba3 g6 28. Re8 Kg7 29. Rdd8 Be7 30. Rxa8 Bf6 31. Nd5 Bd4 32. Rad8 Ne6 33. Re7 Qc6 34. Rd6 1-0

[Event "Ghent Eastman op 41st"]
[Site "Ghent"]
[Date "2018.07.17"]
[Round "8"]
[White "Rijpert, Kevin"]
[Black "Middelhoven, Hein"]
[Result "0-1"]
[WhiteElo "1959"]
[BlackElo "2212"]
[PlyCount "48"]
[EventDate "2018.07.14"]
[EventType "swiss"]
[EventRounds "9"]
[EventCountry "BEL"]
[SourceTitle "CBM 185 Extra"]
[Source "ChessBase"]
[SourceDate "2018.07.29"]
[SourceVersion "1"]
[SourceVersionDate "2018.07.29"]
[SourceQuality "1"]

1. e4 e5 2. Nf3 Nc6 3. Bc4 Nf6 4. Ng5 d5 5. exd5 Na5 6. Bb5+ c6 7. dxc6 bxc6 8. Qf3 Be7 9. Bxc6+ Nxc6 10. Qxc6+ Bd7 11. Qc4 0-0 12. Nc3 Rc8 13. Qe2 Bg4 14. f3 Nh5 15. fxg4 Nf4 16. Qe4 Bxg5 17. d3 Qb6 18. g3 Nh3 19. Nd1 Rxc2 20. Bxg5 Nxg5 21. Qe3 Qa5+ 22. Kf1 Qd5 23. Nf2 Rxf2+ 24. Kxf2 Nh3+ 0-1